Noms ou expressions tirés de la mythologie gréco-romaine - Statistiques

Statistiques générales
  • Ce quiz a été pris 1 752 fois
  • Le résultat moyen est 12 sur 25
Statistiques - réponses
Indice Réponse % Correct
boîte de ... Pandore
96%
talon d'... Achille
94%
être dans les bras de ... Morphée
89%
cheval de ... Troie
89%
complexe d'... Oedipe
87%
fil d'... Ariane
71%
sortir de la cuisse de ... Jupiter
71%
synonyme de "labyrinthe" dédale
68%
gardien ou portier sévère cerbère
61%
corne d'... abondance
58%
supplice de ... Tantale
48%
... aux pieds d'argile colosse
44%
rocher de ... Sisyphe
41%
travail de... Titan
41%
présente une forte ressemblance avec quelqu'un sosie
40%
aventure aux multiples rebondissements odyssée
34%
tonneau des ... Danaides
33%
personne particulièrement vindicative harpie
28%
travail inutile car l'on défait sans cesse ce que l'on a fait Pénélope
22%
voix de ... stentor
19%
idée ou projet qui n'existent que dans un monde imaginaire chimère
18%
femme redoutable, méchante mégère
16%
produit, remède miracle panacée
15%
être sous la protection de quelqu'un égide
14%
chien d'... Ulysse
14%
Aucun quiz correspondant
Distribution des résultats
% des personnes avec chaque résultat
Percentile par nombre de réponses
Votre historique - résultats
Vous n’avez pas pris ce quiz